000 00285nam a22001097a 4500
008 170125b xxu||||| |||| 00| 0 eng d
020 _a9780803613911
041 _aeng
080 _a618.2
245 _aHOW TO SURVIVE & MAYBE EVEN LOVE YOUR LIFE AS A NURSE
_cDUNHAM, K.S
942 _2udc
_cBK
999 _c3632
_d3632